Statistics for People Better Known By Initials

Click here to take the quiz!

General Stats

  • This quiz has been taken 79 times
  • The average score is 12 of 20

Answer Stats

full name Hint name with initials % Correct
Orenthal James _______football player/actor/convictO J Simpson
98%
Joanne (Kathleen) _______Writer (Harry Potter)J K Rowling
88%
John Ronald Reuel _______Writer (The Hobbit)J R R Tolkien
80%
Herbert George _____Writer (The Time Machine)H G Wells
76%
John Pierpont ______American financier/bankerJ P Morgan
71%
Alan Alexander _____Writer (Winnie the Pooh)A A Milne
70%
Phineas Taylor ______Circus founderP T Barnum
68%
Thomas Stearns _____Writer (The Waste Land)T S Eliot
67%
Jerome David ________Writer ( The Catcher in the Rye)J D Salinger
67%
David Herbert ________Writer (Lady Chatterley's Lover)D H Lawrence
65%
James Cash ______American businessman/store founderJ C Penney
62%
William Claude ______Actor (Never Give a Sucker an Even Break)W C Fields
58%
edward estin ________writer (did not like upper case letters)e e cummings
50%
Leon Leonwood ____American businessman/store founderL L Bean
48%
Howard Phillip _________Writer (horror)H P Lovecraft
41%
Edwin Morgan _______Writer (Howard's End)E M Forster
39%
Frank Winfield _________American businessman/store founderF W Woolworth
38%
William Edward Burghardt ______Sociologist/Historian/Civil Rights ActivistW E B Dubois
38%
Anthony Joseph ____Race car driverA J Foyt
35%
Carsten Charles _______MLB Yankee pitcherC C Sabathia
29%

Score Distribution

Percentile by Number Answered

Percent of People with Each Score

Your Score History

You have not taken this quiz